Jên Erơ = Jane Eyre

में बचाया:
ग्रंथसूची विवरण
मुख्य लेखक: Charlotte Bronte
स्वरूप: पुस्तक
भाषा:Undetermined
प्रकाशित: Hà Nội Văn học 1982
विषय:
टैग : टैग जोड़ें
कोई टैग नहीं, इस रिकॉर्ड को टैग करने वाले पहले व्यक्ति बनें!
Thư viện lưu trữ: Trung tâm Học liệu Trường Đại học Cần Thơ
LEADER 00509nam a2200181Ia 4500
001 CTU_11239
008 210402s9999 xx 000 0 und d
082 |a 823.8 
082 |b B869/T2 
100 |a Charlotte Bronte 
245 0 |a Jên Erơ 
245 0 |b = Jane Eyre 
245 0 |c Charlotte Bronte; Dịch giả: Trần Kim Anh 
260 |a Hà Nội 
260 |b Văn học 
260 |c 1982 
650 |a english fiction - 20th century 
980 |a Trung tâm Học liệu Trường Đại học Cần Thơ